| 000 | 00616nam a2200205Ia 4500 | ||
|---|---|---|---|
| 003 | GCL | ||
| 008 | 140319s9999 xx 000 0 ara d | ||
| 040 |
_aGCL / _cGCL |
||
| 082 | 0 | 4 |
_a730.92 _bب م |
| 100 | 1 | _aبدرالدين ابوغازى | |
| 245 | 1 | 0 |
_aمختار: حياته وفنه / _cبدرالدين ابوغازى |
| 700 | 1 | _aبدرالديب (مترجم) | |
| 300 | _a142 ص | ||
| 490 |
_aالهيئة العامة للاستعلامات _v0 |
||
| 650 | 0 | 4 | _aالنحت |
| 650 | 0 | 4 | _aترجمة القران |
| 650 | 0 | 4 | _aمحمود مختار |
| 650 | 0 | 4 | _aالنحت - مصر |
| 942 |
_2ddc _cBK |
||
| 999 |
_c50400 _d50400 |
||